Prospects of democracy : a study of 172 countries (Record no. 324)

MARC details
000 -LEADER
fixed length control field 00521nam a2200169Ia 4500
008 - FIXED-LENGTH DATA ELEMENTS--GENERAL INFORMATION
fixed length control field 240428s9999||||xx |||||||||||||| ||und||
020 ## - INTERNATIONAL STANDARD BOOK NUMBER
International Standard Book Number 0415144051
041 ## - LANGUAGE CODE
Language code of text/sound track or separate title eng
082 ## - DEWEY DECIMAL CLASSIFICATION NUMBER
Classification number 321.8 V
100 ## - MAIN ENTRY--PERSONAL NAME
Personal name Vanhanen, Tatu
245 #0 - TITLE STATEMENT
Title Prospects of democracy : a study of 172 countries
260 ## - PUBLICATION, DISTRIBUTION, ETC.
Name of publisher, distributor, etc. Routledge
Place of publication, distribution, etc. London
Date of publication, distribution, etc. 1997
300 ## - PHYSICAL DESCRIPTION
Extent xvi, 374 p. : ill.
650 ## - SUBJECT ADDED ENTRY--TOPICAL TERM
Topical term or geographic name entry element Democracy -- History. - World politics -- 1945-1989. - World politics -- 19th century - World politics -- 20th century
942 ## - ADDED ENTRY ELEMENTS (KOHA)
Koha item type Books
Holdings
Withdrawn status Lost status Damaged status Not for loan Home library Current library Shelving location Date acquired Total checkouts Full call number Date last seen Copy number Price effective from Koha item type
        Main Library Main Library Open Shelves 10/09/2021   321.8V 719 C.1 29/04/2024 1 29/04/2024 Books
©2026  Parliament of Ghana Library - All rights reserved